| 000 | 01419 a2200277 4500 | ||
|---|---|---|---|
| 003 | Nust | ||
| 005 | 20170207154054.0 | ||
| 010 | _a 2008274150 | ||
| 020 | _a0821373781 | ||
| 020 | _a082137379X (e-ISBN) | ||
| 020 | _a9780821373781 | ||
| 020 | _a9780821373798 (e-ISBN) | ||
| 035 | _a(OCoLC)ocn190850771 | ||
| 040 | _cNust | ||
| 245 | 0 | 0 |
_aUsing training to build capacity for development :an evaluation of the World Bank's project-based and WBI training(E-BOOK) _cWorld Bank Independent Evaluation Group. |
| 260 |
_aWashington, D.C. : _bWorld Bank, _c2008 |
||
| 300 |
_axxiv, 118 p. : _bcol. ill. ; _c28 cm. |
||
| 505 | 0 | _aExecutive summary -- Management response -- Chairperson's summary: Committee on Development Effectivness (CODE) -- The role of training in capacity building -- Effectiveness of training -- What training works: training design -- When training works: the organizational context for training -- Bank processes and systems -- Findings and recommendations -- Appendices. | |
| 610 | 2 | 0 |
_aWorld Bank _xEvaluation. |
| 650 | 0 |
_aEconomic assistance _zDeveloping countries _xEvaluation. |
|
| 650 | 0 |
_aEconomic development projects _zDeveloping countries _xEvaluation. |
|
| 650 | 0 |
_aVocational education _zDeveloping countries _xEvaluation. |
|
| 651 | _aE-BOOK | ||
| 710 | 2 |
_aWorld Bank. _bIndependent Evaluation Group. |
|
| 856 | 4 | 1 |
_3Table of contents _uhttp://www.loc.gov/catdir/toc/fy0804/2008274150.html |
| 942 |
_2ddc _cBK |
||
| 999 |
_c193241 _d193241 |
||